NFL Pro Bowl Cornerbacks 1990s - Statistics

General Stats
  • This quiz has been taken 2 times
  • The average score is 50 of 69
Answer Stats
Year Team Player % Correct
1999 Cardinals Aeneas Williams
100%
1998 Cardinals Aeneas Williams
100%
1997 Cardinals Aeneas Williams
100%
1996 Cardinals Aeneas Williams
100%
1995 Cardinals Aeneas Williams
100%
1994 Cardinals Aeneas Williams
100%
1999 Raiders Charles Woodson
100%
1998 Raiders Charles Woodson
100%
1997 Chiefs Dale Carter
100%
1996 Chiefs Dale Carter
100%
1995 Chiefs Dale Carter
100%
1994 Chiefs Dale Carter
100%
1997 Redskins Darrell Green
100%
1996 Redskins Darrell Green
100%
1991 Redskins Darrell Green
100%
1990 Redskins Darrell Green
100%
1999 Cowboys Deion Sanders
100%
1998 Cowboys Deion Sanders
100%
1997 Cowboys Deion Sanders
100%
1996 Cowboys Deion Sanders
100%
1994 49ers Deion Sanders
100%
1993 Falcons Deion Sanders
100%
1992 Falcons Deion Sanders
100%
1991 Falcons Deion Sanders
100%
1996 Steelers Rod Woodson
100%
1994 Steelers Rod Woodson
100%
1993 Steelers Rod Woodson
100%
1992 Steelers Rod Woodson
100%
1991 Steelers Rod Woodson
100%
1990 Steelers Rod Woodson
100%
1999 Dolphins Sam Madison
100%
1999 Eagles Troy Vincent
100%
1998 Jets Aaron Glenn
50%
1997 Jets Aaron Glenn
50%
1990 Chiefs Albert Lewis
50%
1996 Bengals Ashley Ambrose
50%
1992 Vikings Audray McMillian
50%
1990 Vikings Carl Lee
50%
1997 Steelers Carnell Lake
50%
1995 Steelers Carnell Lake
50%
1997 Redskins Cris Dishman
50%
1991 Oilers Cris Dishman
50%
1995 Oilers Darryll Lewis
50%
1993 Bears Donnell Woolford
50%
1995 Saints Eric Allen
50%
1994 Eagles Eric Allen
50%
1993 Eagles Eric Allen
50%
1992 Eagles Eric Allen
50%
1991 Eagles Eric Allen
50%
1996 Panthers Eric Davis
50%
1995 49ers Eric Davis
50%
1992 Chargers Gill Byrd
50%
1991 Chargers Gill Byrd
50%
1999 Chiefs James Hasty
50%
1997 Chiefs James Hasty
50%
1993 Bills Nate Odomes
50%
1992 Bills Nate Odomes
50%
1998 Falcons Ray Buchanan
50%
1992 Cardinals Robert Massey
50%
1998 Seahawks Shawn Springs
50%
1996 Packers Terry McDaniel
50%
1995 Packers Terry McDaniel
50%
1994 Packers Terry McDaniel
50%
1993 Packers Terry McDaniel
50%
1992 Packers Terry McDaniel
50%
1999 Cardinals Todd Lyght
50%
1998 Patriots Ty Law
50%
1990 Chiefs Kevin Ross
0%
1990 Buccaneers Wayne Haddix
0%
No matching quizzes found
Score Distribution
Percent of People with Each Score
Percentile by Number Answered
Your Score History
You have not taken this quiz